000 00626nam a2200181 a 4500
001 000016370
005 20200929164408.0
008 100304s2008 dr a 001 0 spa d
020 _a9789945862218
040 _aDO-SdBNP
_bspa
_cBNPHU
082 _axxx
_bR332c
110 1 _aRepública Dominicana. Comisión Ejecutiva para la Reforma Constitucional.
_936505
245 1 4 _aLas reformas constitucionales en Latinoamérica y el Caribe :
_bexperiencias y perspectivas.
260 _aSanto Domingo :
_bAmigo del Hogar,
_c2008.
300 _a246 p. :
_bil. ;
_c28 cm.
500 _aIncluye notas al pie de páginas
049 _aBNPD
999 _c15905
_d15905